00626nam a2200217Ia 4500008004100000041001200041082001000053082001100063100001700074100001100091245003300102260001300135260003000148260000900178300001500187650002800202650002200230942000700252999001900259952013000278150901s9999 xx 000 0 und d aEnglish a302.2 bSAN/EX aSandhu A S  eAuthor aExtension Programme Planning aCalcutta bOxford and IBH publishing c1994 a158 Pages aCommunication extension aRural development cBK c239292d239292 00104070aKAUCOAbKAUCOAd2022-01-21l2o302.2 SAN/EXpKAU-COA-23792 r2022-01-21 00:00:00s2022-01-21w2015-09-16yBK